¿Viaje al Edén? (Record no. 121741)

MARC details
000 -LEADER
campo de control de longitud fija 00557nam a2200169 4500
001 - NÚMERO DE CONTROL
campo de control 121741
003 - IDENTIFICADOR DE NÚMERO DE CONTROL
campo de control ES-MaACL
005 - FECHA Y HORA DE LA ÚLTIMA TRANSACCIÓN
campo de control 20230906191819.0
007 - CAMPO FIJO DE DESCRIPCIÓN FÍSICA--INFORMACIÓN GENERAL
campo de control de longitud fija t|
008 - DATOS DE LONGITUD FIJA--INFORMACIÓN GENERAL
campo de control de longitud fija 070214s1977 sp r ||||1| spa d
100 1# - ENTRADA PRINCIPAL--NOMBRE DE PERSONA
Nombre de persona Portillo, Miguel J.
9 (RLIN) 93260
245 11 - MENCIÓN DEL TÍTULO
Título ¿Viaje al Edén?
Resto del título : Turquía, Afghanistán, Kathmandu, India, Ceylán... /
Mención de responsabilidad, etc. Miguel J. Portillo, Carlos Arnal.
260 ## - PUBLICACIÓN, DISTRIBUCIÓN, ETC.
Lugar de publicación, distribución, etc. Barcelona :
Nombre del editor, distribuidor, etc. Producciones Editoriales,
Fecha de publicación, distribución, etc. 1977.
300 ## - DESCRIPCIÓN FÍSICA
Extensión 234 p. ;
Dimensiones 18 cm +
Material acompañante/anejo 10 maps.
700 1# - ENTRADA AGREGADA--NOMBRE PERSONAL
Nombre de persona Arnal, Carlos.
9 (RLIN) 23026
852 ## - LOCALIZACIÓN
Ubicación ES-MaACL
Número de control de estantería A-7222
Sublocalización o colección R.96325
Holdings
Estatus retirado Estado de pérdida Estado de daño No para préstamo Biblioteca de origen Biblioteca actual Ubicación en estantería Fecha de adquisición Fuente de adquisición Total de préstamos Signatura topográfica completa Código de barras Visto por última vez Precio de reemplazo Tipo de ítem Koha
        Biblioteca del Ateneo de Madrid Biblioteca del Ateneo de Madrid Sala Pecera Planta 1 17/01/2008     A-7222 1126867 23/02/2023 23/02/2023 Libro impreso